[Event "Euro Online U2300 Day 1"]
[Site "chess.com INT"]
[Date "2020.05.25"]
[Round "6"]
[White "Agrest, Inna"]
[Black "Tobak, Mikhail"]
[Result "0-1"]
[WhiteTitle "WIM"]
[WhiteElo "2284"]
[BlackElo "2067"]
[WhiteFideId "1708830"]
[BlackFideId "14165570"]
[EventDate "2020.05.25"]

1. e4 Nf6 2. e5 Nd5 3. d4 d6 4. c4 Nb6 5. exd6 cxd6 6. Nc3 g6 7. Be3 Bg7 8. Rc1
Bf5 9. b3 O-O 10. Nf3 d5 11. c5 Nc8 12. Be2 Nc6 13. O-O Be4 14. Ne1 Bf5 15. Bf3
e5 16. dxe5 N8e7 17. Nxd5 Nxe5 18. Nxe7+ Qxe7 19. Qd6 Qxd6 20. cxd6 Rab8 21.
Bxa7 Ra8 22. Be3 Nxf3+ 23. Nxf3 Rxa2 24. Rc7 b5 25. Nd4 Bd3 26. Rd1 Bxd4 27.
Bxd4 Bc2 28. Re1 Bxb3 29. d7 Be6 30. Bc5 Rd8 31. Rd1 Rxd7 32. Rcxd7 Bxd7 33. h3
Be8 34. Kf1 Ra8 35. Ke2 Rc8 36. Bb4 Bc6 37. f3 f6 38. Rd6 Kf7 39. Kf2 Be8 40.
Rd4 Rc2+ 41. Kg3 Rc6 42. Kf4 Re6 43. Rd8 Ra6 44. Rd4 Ra4 45. g4 Bc6 46. h4 Bd5
47. g5 fxg5+ 48. hxg5 Ke6 49. Kg3 Ke5 50. Rh4 Kf5 51. Rg4 Bc6 52. Rf4+ Ke5 53.
Rh4 Kd5 54. Rf4 Bd7 55. Rh4 Bf5 56. Rf4 Bd3 57. Rh4 Be2 58. Rf4 Bc4 59. Bf8 b4
60. Bg7 b3 61. Rd4+ Kc5 62. Rd2 Ra2 63. Rb2 Bd5 64. Kf4 Kc4 65. Ke3 Bc6 66. Bf6
Ra5 67. Rh2 Rc5 68. Rxh7 Rf5 69. Bg7 Rxf3+ 70. Ke2 Rf7 71. Rh4+ Kb5 72. Bc3 Bd5
73. Rb4+ Kc5 74. Rb8 Re7+ 75. Kf2 Re4 76. Bf6 Kc4 77. Rb6 Kd3 78. Rb8 Kc2 79.
Rb6 Bc4 80. Kf3 Re2 81. Kf4 Kc1 82. Rb8 b2 83. Bxb2+ Rxb2 84. Rc8 Rc2 85. Ke5
Bd3 86. Rg8 Bf5 87. Kf6 Kd2 88. Rf8 Ke3 89. Re8+ Kf4 90. Rb8 Rc6+ 91. Kg7 Kxg5
92. Rb4 Re6 93. Kf7 Re4 94. Rb2 Kf4 95. Kf6 Re6+ 96. Kf7 Ra6 97. Rb4+ Kf3 98.
Rb5 Kf4 99. Rb4+ Be4 100. Rb2 g5 101. Rf2+ Bf3 102. Rb2 g4 103. Rb4+ Be4 104.
Rb2 g3 0-1

[Event "Euro Online U2300 Day 1"]
[Site "chess.com INT"]
[Date "2020.05.25"]
[Round "6"]
[White "Terbe, Zsuzsanna"]
[Black "Havelka, Ondrej"]
[Result "1/2-1/2"]
[WhiteTitle "WFM"]
[WhiteElo "2192"]
[BlackElo "2140"]
[WhiteFideId "708801"]
[BlackFideId "349526"]
[EventDate "2020.05.25"]

1. d4 Nf6 2. Nf3 d5 3. Bf4 c5 4. e3 Nc6 5. Nbd2 Qb6 6. dxc5 Qxb2 7. c4 e5 8.
cxd5 Nxd5 9. Rb1 Qxa2 10. Bc4 Nc3 11. Bxa2 Nxd1 12. Bxe5 Nxe5 13. Nxe5 Nc3 14.
Bxf7+ Ke7 15. Rb3 Na4 16. Ne4 g6 17. Bc4 Bg7 18. Nd3 Rb8 19. Bb5 Bf5 20. Rb4 Nc3
21. Nd6 Nxb5 22. Nxf5+ gxf5 23. Rxb5 Rhd8 24. Ke2 Kd7 25. Rhb1 Kc6 26. Nf4 Bc3
27. R1b3 Rd2+ 28. Kf3 a6 29. Rb6+ Kxc5 30. Ne6+ Kc4 31. Rxb7 Rxb7 32. Rxb7 a5
33. Rc7+ Kb4 34. Rb7+ Kc4 35. Rc7+ Kb4 36. Rxh7 a4 37. Rb7+ Kc4 38. Rc7+ Kb4 39.
Rb7+ Kc4 40. Ra7 Kb4 41. Nc7 a3 42. Nb5 Kxb5 43. Rxa3 Rc2 44. Rb3+ Kc4 45. Rb1
Kd5 46. h4 Be5 47. h5 Rc7 48. Rb5+ Ke6 49. Rb6+ Bd6 50. g4 fxg4+ 51. Kxg4 Rg7+
52. Kh4 Rg2 53. f4 Re2 54. h6 Rh2+ 55. Kg5 Rg2+ 56. Kh5 Kf5 57. e4+ Kxe4 58.
Rxd6 Kxf4 59. Rf6+ Ke5 60. Rf1 Ke6 61. h7 Rh2+ 62. Kg6 Rg2+ 63. Kh6 Rh2+ 64. Kg7
Rg2+ 65. Kh8 Ke7 66. Rf4 Rg1 67. Rf5 Rg6 68. Ra5 Kf7 69. Ra7+ Kf8 70. Ra8+ Kf7
71. Rg8 Re6 72. Rg7+ Kf6 73. Rg8 Ra6 74. Rb8 Kf7 75. Rg8 Rb6 76. Rd8 Ra6 77. Rc8
Rb6 78. Rc7+ Kf8 79. Rg7 Ra6 80. Rg8+ Kf7 81. Rb8 Rc6 82. Rb7+ Kf8 83. Rb1 Rf6
84. Rb8+ Kf7 85. Rb7+ Kf8 86. Rg7 Ra6 87. Rg8+ Kf7 88. Rc8 Rb6 89. Ra8 Rc6 90.
Ra7+ Kf8 91. Ra1 Rf6 92. Re1 Kf7 93. Rd1 Kf8 94. Rd8+ Kf7 95. Rc8 Ra6 96. Rb8
Rc6 97. Ra8 Rb6 98. Rc8 Ra6 99. Rb8 1/2-1/2

[Event "Euro Online U2300 Day 1"]
[Site "chess.com INT"]
[Date "2020.05.25"]
[Round "6"]
[White "Afonasieva, Anna"]
[Black "Navumenka, Mikhei"]
[Result "1-0"]
[WhiteTitle "WIM"]
[BlackTitle "CM"]
[WhiteElo "2274"]
[BlackElo "2105"]
[WhiteFideId "24173606"]
[BlackFideId "13514075"]
[EventDate "2020.05.25"]

1. d4 Nf6 2. Bf4 g6 3. e3 Bg7 4. Nf3 O-O 5. h3 b6 6. Be2 Bb7 7. O-O d6 8. c4
Nbd7 9. Nc3 e6 10. Rc1 Qe7 11. b4 e5 12. Bh2 a5 13. a3 axb4 14. axb4 Ne4 15. c5
bxc5 16. Nxe4 Bxe4 17. bxc5 Rfd8 18. c6 Nb6 19. Bg3 Ra2 20. Bh4 Bf6 21. Bxf6
Qxf6 22. Nd2 Bf5 23. e4 Bc8 24. Nc4 Qg5 25. Nxb6 Bxh3 26. Bf3 cxb6 27. Qb3 Rd2
28. d5 f5 29. Kh1 fxe4 30. Bxe4 Bg4 31. Qxb6 Rf8 32. Qe3 Qh4+ 33. Kg1 Re2 34.
Qd3 Rfxf2 35. c7 Bc8 36. Bf3 Qg3 37. Rxf2 Qxf2+ 38. Kh2 Re3 39. Qd1 Kg7 40. Kh1
e4 41. Qd4+ Kg8 42. Bg4 Re1+ 43. Rxe1 Qxe1+ 44. Kh2 Bxg4 45. Qa4 Qh4+ 46. Kg1
Qe1+ 47. Kh2 Qh4+ 48. Kg1 Qe7 49. Qa8+ Qf8 50. Qd8 Bc8 51. Qg5 Qe8 52. Kf2 e3+
53. Kf1 e2+ 54. Ke1 Qd7 55. Qd8+ Kf7 56. Kxe2 Ba6+ 57. Kf2 Qf5+ 58. Kg1 Bc8 59.
Kh2 Qd7 60. Kg1 h5 61. g3 Qf5 62. Qxd6 Qb1+ 63. Kh2 Qc2+ 64. Kg1 Qd1+ 65. Kg2
Qe2+ 66. Kg1 Qe1+ 67. Kg2 Qe2+ 68. Kg1 Qg4 69. Kf2 h4 70. gxh4 Qxh4+ 71. Kg1
Qg5+ 72. Kh1 Qf6 73. Qd8 Qf5 74. Kh2 Qd7 75. Kg3 Qg4+ 76. Kf2 g5 77. d6 Qf5+ 78.
Ke3 Qe6+ 79. Kd4 Qd7 80. Kc5 Ke6 81. Qg8+ Kf5 82. Qf8+ Kg4 83. Kb6 Kg3 84. Ka7
Qe6 85. Kb8 Bd7 86. Qe7 Qb3+ 87. Ka7 Qa4+ 88. Kb6 Qc6+ 89. Ka7 Bc8 90. Qxg5+ Kf2
91. Qf4+ Ke2 92. Qb4 Qd7 93. Kb8 Ba6 94. Qb6 Qc8+ 95. Ka7 Bd3 96. Qc5 Be4 97.
Qc4+ Kf3 98. Qb5 Qa8+ 99. Kb6 Qb7+ 100. Ka5 Qa8+ 101. Kb4 Qc8 102. Qc4 Qb7+ 103.
Kc3 Qc8 104. d7 Qh8+ 105. Qd4 Qa8 106. Qf6+ Ke2 107. c8=Q Qa1+ 108. Kb4 Qxf6
109. d8=Q Qb2+ 110. Kc5 Qe5+ 111. Kb6 Qb2+ 112. Kc7 Qc3+ 113. Kb8 Qe5+ 114. Qcc7
Qb5+ 115. Qb6 Qe5+ 116. Qdd6 Qe8+ 117. Qbd8 Qb5+ 118. Q6b6 Qe5+ 119. Ka7 Qa1+
120. Qa6+ Qxa6+ 121. Kxa6 1-0

[Event "Euro Online U2300 Day 1"]
[Site "chess.com INT"]
[Date "2020.05.25"]
[Round "7"]
[White "Caputcuoglu, Zeki Berke"]
[Black "Laux, Dominik"]
[Result "1/2-1/2"]
[WhiteTitle "CM"]
[WhiteElo "2138"]
[BlackElo "2009"]
[WhiteFideId "34548610"]
[BlackFideId "12994219"]
[EventDate "2020.05.25"]

1. Nf3 d5 2. d4 Nf6 3. c4 c6 4. Nc3 dxc4 5. a4 Bf5 6. e3 e6 7. Bxc4 Bb4 8. O-O
O-O 9. Qe2 Nbd7 10. e4 Bg6 11. Bd3 Bh5 12. e5 Nd5 13. Nxd5 cxd5 14. Qe3 1/2-1/2

[Event "Euro Online U2300 Day 1"]
[Site "chess.com INT"]
[Date "2020.05.25"]
[Round "7"]
[White "Lebediantsev, Ruslan"]
[Black "Grebnev, Aleksey"]
[Result "1/2-1/2"]
[WhiteElo "2075"]
[BlackElo "2223"]
[WhiteFideId "24135755"]
[BlackFideId "34189030"]
[EventDate "2020.05.25"]

1. e4 e6 2. d4 d5 3. Nc3 Bb4 4. Ne2 dxe4 5. a3 Be7 6. Nxe4 Nf6 7. N2g3 O-O 8. c3
b6 9. Bd3 Bb7 10. Qe2 Nbd7 11. O-O c5 12. dxc5 Nxc5 13. Nxc5 Bxc5 14. Bg5 Be7
15. Rad1 1/2-1/2

[Event "Euro Online U2300 Day 1"]
[Site "chess.com INT"]
[Date "2020.05.25"]
[Round "7"]
[White "Gadimbayli, Abdulla"]
[Black "Reshetniak, Vitaliy"]
[Result "1/2-1/2"]
[WhiteTitle "IM"]
[WhiteElo "2470"]
[BlackElo "2026"]
[WhiteFideId "13404938"]
[BlackFideId "14125250"]
[EventDate "2020.05.25"]

1. e4 c5 2. Nf3 e6 3. d4 cxd4 4. Nxd4 a6 5. Bd3 Bc5 6. Nb3 Be7 7. Qg4 g6 8. Qe2
d6 9. O-O Nd7 10. a4 Ngf6 11. Bh6 Ne5 12. Na3 1/2-1/2

[Event "Euro Online U2300 Day 1"]
[Site "chess.com INT"]
[Date "2020.05.25"]
[Round "7"]
[White "Ruperez Benito, Antonio"]
[Black "Jeszenszky, Jozsef"]
[Result "1/2-1/2"]
[WhiteTitle "FM"]
[WhiteElo "2356"]
[BlackElo "2099"]
[WhiteFideId "22245049"]
[BlackFideId "753564"]
[EventDate "2020.05.25"]

1. e4 e6 2. b3 d5 3. Bb2 dxe4 4. Nc3 Nf6 5. Qe2 Bb4 6. O-O-O c6 7. Nxe4 Nbd7 8.
g4 O-O 9. g5 Nxe4 10. Qxe4 Bd6 11. Bd3 1/2-1/2

[Event "Euro Online U2300 Day 1"]
[Site "chess.com INT"]
[Date "2020.05.25"]
[Round "7"]
[White "Tereladze, Sopiko"]
[Black "Kiremitciyan, Ari"]
[Result "1/2-1/2"]
[WhiteTitle "WIM"]
[BlackTitle "FM"]
[WhiteElo "2141"]
[BlackElo "2281"]
[WhiteFideId "13600486"]
[BlackFideId "6373445"]
[EventDate "2020.05.25"]

1. e4 c6 2. d4 d5 3. Nc3 dxe4 4. Nxe4 Bf5 5. Nc5 Nd7 6. Bd3 Bxd3 7. Nxd3 Ngf6 8.
Nf3 e6 9. O-O Be7 10. Re1 O-O 1/2-1/2

[Event "Euro Online U2300 Day 1"]
[Site "chess.com INT"]
[Date "2020.05.25"]
[Round "7"]
[White "Ranaldi, Lucas"]
[Black "Skuhala, Jernej"]
[Result "1/2-1/2"]
[WhiteTitle "FM"]
[BlackTitle "FM"]
[WhiteElo "2353"]
[BlackElo "2342"]
[WhiteFideId "1519484"]
[BlackFideId "14605651"]
[EventDate "2020.05.25"]

1. Nf3 Nf6 2. c4 e6 3. g3 d5 4. Bg2 d4 5. O-O c5 6. d3 Be7 7. e3 O-O 8. exd4
cxd4 9. Bg5 Nc6 10. a3 a5 11. Nbd2 h6 12. Bxf6 Bxf6 13. Qc2 e5 1/2-1/2

[Event "Euro Online U2300 Day 1"]
[Site "chess.com INT"]
[Date "2020.05.25"]
[Round "7"]
[White "Bayramov, Zaur"]
[Black "Abdrlauf, Elham"]
[Result "1/2-1/2"]
[WhiteTitle "FM"]
[BlackTitle "FM"]
[WhiteElo "2357"]
[BlackElo "2362"]
[WhiteFideId "13405080"]
[BlackFideId "1533533"]
[EventDate "2020.05.25"]

1. d4 Nf6 2. Nf3 e6 3. Bg5 d5 4. c3 Nbd7 5. Nbd2 Be7 6. e3 O-O 7. Bd3 h6 8. Bh4
c5 9. O-O Bd6 10. Qe2 Re8 11. e4 1/2-1/2

[Event "Euro Online U2300 Day 1"]
[Site "chess.com INT"]
[Date "2020.05.25"]
[Round "7"]
[White "Bin-Nun, Peleg"]
[Black "Salamero Pelay, Fernando"]
[Result "1-0"]
[WhiteElo "2004"]
[BlackElo "2071"]
[WhiteFideId "2802660"]
[BlackFideId "2207303"]
[EventDate "2020.05.25"]

1. e4 c5 2. Nf3 Nc6 3. Bb5 e6 4. Bxc6 bxc6 5. O-O d5 6. Re1 g6 7. e5 Bg7 8. d3
Ne7 9. Be3 d4 10. Bg5 h6 11. Bxe7 Qxe7 12. Nbd2 Ba6 13. Ne4 O-O 14. Qd2 Kh7 15.
Qa5 Bb7 16. Qxc5 g5 17. Qxe7 1-0

[Event "Euro Online U2300 Day 1"]
[Site "chess.com INT"]
[Date "2020.05.25"]
[Round "7"]
[White "Jakubowska, Anna"]
[Black "Guliev, Logman"]
[Result "1/2-1/2"]
[WhiteTitle "WIM"]
[BlackTitle "IM"]
[WhiteElo "2073"]
[BlackElo "2273"]
[WhiteFideId "1121952"]
[BlackFideId "13400061"]
[EventDate "2020.05.25"]

1. e4 c5 2. Nf3 d6 3. Bb5+ Nd7 4. O-O Nf6 5. Re1 e6 6. c3 Be7 7. d4 O-O 8. Bg5
h6 9. Bh4 cxd4 10. cxd4 d5 11. e5 Ne4 12. Bxe7 Qxe7 13. Bd3 Ng5 14. Nc3 Rd8 15.
Nb5 Nf8 1/2-1/2

[Event "Euro Online U2300 Day 1"]
[Site "chess.com INT"]
[Date "2020.05.25"]
[Round "7"]
[White "Randazzo, Adrian"]
[Black "Davtyan, Artur"]
[Result "1-0"]
[WhiteTitle "FM"]
[BlackTitle "IM"]
[WhiteElo "2293"]
[BlackElo "2461"]
[WhiteFideId "114251"]
[BlackFideId "13308327"]
[EventDate "2020.05.25"]

1. e4 e5 2. Nf3 Nc6 3. Nc3 Nf6 4. d4 exd4 5. Nxd4 Bb4 6. Nxc6 bxc6 7. Bd3 d5 8.
exd5 O-O 9. O-O cxd5 10. h3 c6 11. Qf3 Be6 12. Bf4 Bd6 13. Rfe1 Rb8 14. b3 Re8
15. Rad1 Bxf4 16. Qxf4 Qa5 17. Na4 h6 18. c3 Nd7 19. Qd6 Qb6 20. Nxb6 Nxb6 21.
Qc7 Rec8 22. Qxa7 Nd7 23. Rxe6 1-0

[Event "Euro Online U2300 Day 1"]
[Site "chess.com INT"]
[Date "2020.05.25"]
[Round "7"]
[White "Hristodoulou, Panagiotis"]
[Black "Hechl, Gerald"]
[Result "1-0"]
[WhiteTitle "FM"]
[BlackTitle "FM"]
[WhiteElo "2302"]
[BlackElo "2333"]
[WhiteFideId "4214340"]
[BlackFideId "1605674"]
[EventDate "2020.05.25"]

1. e4 d6 2. d4 Nf6 3. Nc3 Nbd7 4. f4 e5 5. Nf3 exd4 6. Qxd4 c6 7. Bd2 d5 8. exd5
Bc5 9. Qc4 O-O 10. dxc6 Re8+ 11. Be2 bxc6 12. O-O-O a5 13. Ne5 Ba6 14. Qxf7+ Kh8
15. Bxa6 Rxa6 16. Qc4 Ra7 17. Nf7+ 1-0

[Event "Euro Online U2300 Day 1"]
[Site "chess.com INT"]
[Date "2020.05.25"]
[Round "7"]
[White "Hansch, Stephan"]
[Black "Prydun, Andriy"]
[Result "0-1"]
[WhiteTitle "CM"]
[BlackTitle "FM"]
[WhiteElo "2149"]
[BlackElo "2254"]
[WhiteFideId "24692514"]
[BlackFideId "14145898"]
[EventDate "2020.05.25"]

1. d4 d5 2. c4 c6 3. Nf3 Nf6 4. e3 e6 5. Bd3 Nbd7 6. O-O Be7 7. b3 O-O 8. Bb2 b6
9. Ne5 Bb7 10. Nc3 c5 11. cxd5 cxd4 12. exd4 Nxe5 13. dxe5 Nxd5 14. Nxd5 Qxd5
15. f3 Rad8 16. Be4 Qc5+ 17. Kh1 Rxd1 0-1

[Event "Euro Online U2300 Day 1"]
[Site "chess.com INT"]
[Date "2020.05.25"]
[Round "7"]
[White "Budakova, Taulant"]
[Black "Bjornsson, Gunnar"]
[Result "1-0"]
[WhiteElo "2060"]
[BlackElo "2131"]
[WhiteFideId "4702204"]
[BlackFideId "2302039"]
[EventDate "2020.05.25"]

1. d4 Nf6 2. c4 e5 3. dxe5 Ng4 4. Nf3 Bc5 5. e3 Nc6 6. Be2 Ngxe5 7. O-O d6 8.
Nc3 Be6 9. Nd5 O-O 10. a3 Ne7 11. b4 Bb6 12. Nxe7+ Qxe7 13. Nxe5 dxe5 14. c5
Bxc5 15. bxc5 Qxc5 16. Bb2 Rad8 17. Qc1 Qa5 18. Bc3 Qc5 19. Bb4 Qxc1 20. Raxc1
c6 21. Bxf8 1-0

[Event "Euro Online U2300 Day 1"]
[Site "chess.com INT"]
[Date "2020.05.25"]
[Round "7"]
[White "Sorin, Michael"]
[Black "Khazhomia, Salome"]
[Result "1-0"]
[BlackTitle "WFM"]
[WhiteElo "2219"]
[BlackElo "2092"]
[WhiteFideId "2805030"]
[BlackFideId "13603230"]
[EventDate "2020.05.25"]

1. Nf3 Nf6 2. c4 e6 3. Nc3 d5 4. d4 b6 5. cxd5 exd5 6. Bg5 Bb7 7. e3 Be7 8. Bd3
h6 9. Bh4 O-O 10. O-O Ne4 11. Bxe7 Qxe7 12. Bxe4 Qd8 13. Bc2 Nd7 14. Ne5 Nxe5
15. dxe5 Re8 16. Qd3 g6 17. f4 c6 18. Rf3 c5 19. Rg3 d4 20. exd4 cxd4 21. Ne4
Kg7 22. Nf6 Re6 23. Rxg6+ fxg6 24. Qxg6+ Kf8 25. Qg8+ Ke7 26. Qg7# 1-0

[Event "Euro Online U2300 Day 1"]
[Site "chess.com INT"]
[Date "2020.05.25"]
[Round "7"]
[White "Sieber, Fiona"]
[Black "Malczyk, Radoslaw"]
[Result "1-0"]
[WhiteTitle "WIM"]
[WhiteElo "2201"]
[BlackElo "2099"]
[WhiteFideId "12902373"]
[BlackFideId "1128574"]
[EventDate "2020.05.25"]

1. e4 c5 2. Nf3 Nc6 3. d4 cxd4 4. Nxd4 Nf6 5. Nc3 e6 6. Ndb5 Bb4 7. a3 Bxc3+ 8.
Nxc3 d5 9. exd5 exd5 10. Bg5 h6 11. Bxf6 Qxf6 12. Nxd5 Qe5+ 13. Qe2 O-O 14.
O-O-O Bf5 15. Qxe5 Nxe5 16. Ne7+ 1-0

[Event "Euro Online U2300 Day 1"]
[Site "chess.com INT"]
[Date "2020.05.25"]
[Round "7"]
[White "Kresz, Adam"]
[Black "Nemkova, Ljubov"]
[Result "0-1"]
[BlackTitle "WFM"]
[WhiteElo "2138"]
[BlackElo "2172"]
[WhiteFideId "794422"]
[BlackFideId "4180070"]
[EventDate "2020.05.25"]

1. e4 g6 2. d4 c5 3. Nf3 Bg7 4. Nc3 Nc6 5. Be3 Qb6 6. Na4 Qa5+ 7. Bd2 Qxa4 8. b3
Qa3 9. Bb5 Nxd4 10. Nxd4 Bxd4 11. c3 Bg7 12. O-O Qa5 13. a4 Qc7 14. f4 a6 15.
Bc4 d6 16. a5 Nf6 17. e5 dxe5 18. fxe5 Qxe5 19. Bf4 Qh5 20. Be2 Qd5 21. Qc2 Bf5
22. Qb2 O-O 23. Rad1 Qe4 24. Bd3 Qc6 25. Bc4 Ne4 26. Rf3 Rad8 27. Rxd8 Rxd8 0-1

[Event "Euro Online U2300 Day 1"]
[Site "chess.com INT"]
[Date "2020.05.25"]
[Round "7"]
[White "Lucchi, Lorenzo"]
[Black "Molina, Fabrizio"]
[Result "1-0"]
[BlackTitle "FM"]
[WhiteElo "2111"]
[BlackElo "2181"]
[WhiteFideId "821160"]
[BlackFideId "805637"]
[EventDate "2020.05.25"]

1. d4 Nf6 2. c4 e6 3. Nc3 d5 4. Bf4 a6 5. e3 dxc4 6. Bxc4 b5 7. Bb3 Bb7 8. Nf3
Nbd7 9. O-O Be7 10. Bc2 c5 11. e4 O-O 12. d5 exd5 13. Nxd5 Nxd5 14. exd5 Nf6 15.
d6 Nd5 16. dxe7 Qxe7 17. Qd3 g6 18. Rfe1 Qf6 19. Bg5 Qc6 20. Ne5 Qb6 21. Nd7 Qc6
22. Qxd5 Qxd5 23. Nf6+ 1-0

[Event "Euro Online U2300 Day 1"]
[Site "chess.com INT"]
[Date "2020.05.25"]
[Round "7"]
[White "Puzyrevsky, Semen"]
[Black "Kollar, Romain"]
[Result "1-0"]
[WhiteElo "1667"]
[BlackElo "2205"]
[WhiteFideId "24240931"]
[BlackFideId "36017981"]
[EventDate "2020.05.25"]

1. d4 Nf6 2. Bf4 g6 3. e3 Bg7 4. Nf3 O-O 5. Be2 d6 6. O-O b6 7. c4 Bb7 8. Nc3
Nbd7 9. Rc1 Qe8 10. Bg3 e5 11. Nb5 e4 12. Nxc7 Qd8 13. Nxa8 exf3 14. Bxf3 Qxa8
15. Bxd6 Re8 16. c5 Ne4 17. Bxe4 Bxe4 18. f3 bxc5 19. fxe4 cxd4 20. Qf3 1-0

[Event "Euro Online U2300 Day 1"]
[Site "chess.com INT"]
[Date "2020.05.25"]
[Round "7"]
[White "Giannoulakis, Lampros"]
[Black "Lisin, Egor"]
[Result "1-0"]
[WhiteTitle "FM"]
[WhiteElo "2293"]
[BlackElo "1943"]
[WhiteFideId "4247019"]
[BlackFideId "34147257"]
[EventDate "2020.05.25"]

1. d4 Nf6 2. c4 g6 3. Nc3 Bg7 4. e4 O-O 5. Be2 d6 6. Be3 e5 7. d5 a5 8. g4 Ne8
9. h4 f5 10. gxf5 gxf5 11. exf5 Bxf5 12. Nf3 Nf6 13. Ng5 Na6 14. Rg1 Nc5 15.
Bxc5 dxc5 16. Ne6 Bxe6 17. dxe6 Qxd1+ 18. Rxd1 c6 19. Ne4 Nxe4 20. Rd7 Rfe8 21.
Rgxg7+ Kh8 22. Rxh7+ Kg8 23. Rdg7+ Kf8 24. e7+ 1-0

[Event "Euro Online U2300 Day 1"]
[Site "chess.com INT"]
[Date "2020.05.25"]
[Round "7"]
[White "Tsereteli, Tornike"]
[Black "Samaridis, Konstantinos"]
[Result "1/2-1/2"]
[WhiteElo "1735"]
[BlackElo "2105"]
[WhiteFideId "13612565"]
[BlackFideId "4262867"]
[EventDate "2020.05.25"]

1. e4 e5 2. Nf3 Nc6 3. Bb5 a6 4. Bxc6 dxc6 5. O-O Bg4 6. h3 h5 7. d3 Qf6 8. Nbd2
g5 9. d4 exd4 10. e5 Qg6 11. Re1 Bxf3 1/2-1/2

[Event "Euro Online U2300 Day 1"]
[Site "chess.com INT"]
[Date "2020.05.25"]
[Round "7"]
[White "Kacprzak, Karol"]
[Black "Misini, Burhanudin"]
[Result "1/2-1/2"]
[WhiteElo "1988"]
[BlackElo "1999"]
[WhiteFideId "21819327"]
[BlackFideId "4701488"]
[EventDate "2020.05.25"]

1. d4 Nf6 2. Nf3 e6 3. e3 d5 4. Bd3 c5 5. b3 Nc6 6. dxc5 e5 7. Be2 Bxc5 8. Bb2
Qe7 9. O-O O-O 10. c4 dxc4 11. Bxc4 Bf5 12. Nc3 Rad8 13. Qe2 e4 14. Nh4 Bg4 15.
Qe1 a6 1/2-1/2

[Event "Euro Online U2300 Day 1"]
[Site "chess.com INT"]
[Date "2020.05.25"]
[Round "7"]
[White "Tomilova, Elena"]
[Black "Kashtanov, Ruslan"]
[Result "1/2-1/2"]
[WhiteTitle "WGM"]
[BlackTitle "IM"]
[WhiteElo "2353"]
[BlackElo "2376"]
[WhiteFideId "4162340"]
[BlackFideId "4124871"]
[EventDate "2020.05.25"]

1. c4 Nf6 2. Nc3 g6 3. g3 Bg7 4. Bg2 O-O 5. Nf3 d6 6. O-O e5 7. d3 c6 8. Rb1 a5
9. a3 Re8 10. b4 axb4 11. axb4 d5 1/2-1/2

[Event "Euro Online U2300 Day 1"]
[Site "chess.com INT"]
[Date "2020.05.25"]
[Round "7"]
[White "Mikheev, Aleksey"]
[Black "Curtacci, Sergio"]
[Result "1/2-1/2"]
[WhiteElo "2239"]
[BlackElo "2038"]
[WhiteFideId "24177660"]
[BlackFideId "858048"]
[EventDate "2020.05.25"]

1. e4 d5 2. exd5 Qxd5 3. Nc3 Qa5 4. d4 c6 5. Nf3 Nf6 6. Bc4 Bf5 7. O-O e6 8. Bd2
Nbd7 9. Re1 Qc7 10. h3 h6 11. Ne5 Bd6 12. Qe2 O-O 13. Bf4 Rfe8 14. Rad1 Rad8 15.
Bb3 b5 16. a3 a6 17. Qf3 c5 18. Nxd7 Rxd7 19. Bxd6 Rxd6 20. dxc5 Qxc5 21. Rxd6
Qxd6 22. Rd1 Qc7 1/2-1/2

[Event "Euro Online U2300 Day 1"]
[Site "chess.com INT"]
[Date "2020.05.25"]
[Round "7"]
[White "Rabatin, Jakub"]
[Black "Tymrakiewicz, Rafal"]
[Result "1/2-1/2"]
[WhiteTitle "FM"]
[BlackTitle "FM"]
[WhiteElo "2271"]
[BlackElo "2253"]
[WhiteFideId "329517"]
[BlackFideId "1108832"]
[EventDate "2020.05.25"]

1. e4 c6 2. d4 d5 3. e5 c5 4. Nf3 cxd4 5. Nxd4 e6 6. Nc3 Nc6 7. Nxc6 bxc6 8. Be2
Qc7 9. f4 Bc5 10. Na4 Ne7 1/2-1/2

[Event "Euro Online U2300 Day 1"]
[Site "chess.com INT"]
[Date "2020.05.25"]
[Round "7"]
[White "Zverev, Lev"]
[Black "Papadiamandis, Elliot"]
[Result "1/2-1/2"]
[WhiteTitle "CM"]
[BlackTitle "CM"]
[WhiteElo "2087"]
[BlackElo "2269"]
[WhiteFideId "24250775"]
[BlackFideId "36074160"]
[EventDate "2020.05.25"]

1. e4 c5 2. Nf3 d6 3. d4 Nf6 4. Nc3 cxd4 5. Nxd4 a6 6. Bg5 e6 7. f4 h6 8. Bxf6
Qxf6 9. Qd2 Nc6 10. Nf3 g5 11. g3 gxf4 12. gxf4 Ne5 13. fxe5 Qxf3 14. Bg2 Qh5
15. exd6 Qh4+ 16. Qf2 Qxf2+ 17. Kxf2 Bxd6 18. Rad1 Be5 19. Ke2 Rg8 20. Bf3 Bd7
21. Ke3 O-O-O 22. Rd2 Bc6 23. Rhd1 Rxd2 24. Rxd2 Kc7 1/2-1/2

[Event "Euro Online U2300 Day 1"]
[Site "chess.com INT"]
[Date "2020.05.25"]
[Round "7"]
[White "Khachatryan, Anna"]
[Black "Krayz, Alexander"]
[Result "1/2-1/2"]
[WhiteTitle "WFM"]
[BlackTitle "IM"]
[WhiteElo "2071"]
[BlackElo "2350"]
[WhiteFideId "13310780"]
[BlackFideId "2802066"]
[EventDate "2020.05.25"]

1. Nf3 Nf6 2. c4 c5 3. Nc3 e6 4. g3 b6 5. Bg2 Bb7 6. O-O Be7 7. d4 cxd4 8. Qxd4
d6 9. Rd1 a6 10. b3 O-O 11. Bb2 Nbd7 12. Rac1 Rc8 13. Ne1 Bxg2 14. Nxg2 Qc7 15.
Ne4 Rfd8 16. Ne3 Bf8 17. Nxf6+ Nxf6 1/2-1/2